000 00305nam a22001337a 4500
008 171019b xxu||||| |||| 00| 0 eng d
020 _a9780029216804
041 _aeng
080 _a338
100 _a53
101 _aMEN
245 _aMASTERING TECHNOLOGY A MANAGEMENT
_cMONGER.R,F
942 _2udc
_cBK
999 _c34894
_d34894